[Event "DVM U20 2014"]
[Site "Naumburg (Saale) GER"]
[Date "2014.12.29"]
[Round "6"]
[White "Jacob, Hannes"]
[Black "Pham-Tran, Phuong-Bao"]
[Result "0-1"]
[Termination "normal"]
[Board "4.4"]
[WhiteElo "1878"]
[BlackElo "1788"]
[WhiteTeam "SV Merseburg"]
[BlackTeam "Frankfurter TV 1860"]
[PlyCount "72"]
[WhiteFideId "12910350"]
[BlackFideId "12939196"]
[EventCountry "GER"]
[EventRounds "7"]
[EventType "team-swiss"]
[EventDate "2014.12.26"]

1. e4 c6 2. d4 d5 3. e5 Bf5 4. Bd3 Bxd3 5. Qxd3 e6 6. Ne2 Qb6 7. O-O c5 8. c3
cxd4 9. cxd4 Nc6 10. Nbc3 Nge7 11. Na4 Qb4 12. Nc5 Nf5 13. Bd2 Qc4 14. Qxc4
dxc4 15. Rac1 b5 16. Na6 O-O-O 17. a4 Ncxd4 18. Nxd4 Nxd4 19. Ba5 Rd5 20. Nc7
Rc5 21. Na6 Rxe5 22. f4 Rd5 23. Nc7 Rc5 24. Na6 Rd5 25. Nc7 Rd7 26. Nxb5 Ne2+
27. Kh1 Nxc1 28. Rxc1 Kb7 29. h3 Bc5 30. Rxc4 Bb6 31. Bb4 Rhd8 32. a5 Rd1+ 33.
Kh2 Bg1+ 34. Kg3 R1d3+ 35. Kh4 Bf2+ 36. Kg4 h5+ 0-1

[Event "DVM U20 2014"]
[Site "Naumburg (Saale) GER"]
[Date "2014.12.29"]
[Round "6"]
[White "Abrahamyan, Arsen"]
[Black "Hoffmann, Lennard"]
[Result "1-0"]
[Termination "normal"]
[Board "4.5"]
[WhiteElo "1759"]
[BlackElo "1768"]
[WhiteTeam "Frankfurter TV 1860"]
[BlackTeam "SV Merseburg"]
[PlyCount "57"]
[WhiteFideId "1271755"]
[BlackFideId "12943495"]
[EventCountry "GER"]
[EventRounds "7"]
[EventType "team-swiss"]
[EventDate "2014.12.26"]

1. e4 c5 2. Nc3 d6 3. f4 Nc6 4. Nf3 g6 5. Bb5 Bg7 6. O-O e6 7. d3 Nge7 8. Qe1
O-O 9. Bd2 Bd7 10. Kh1 a6 11. Bxc6 Bxc6 12. e5 d5 13. d4 cxd4 14. Nxd4 Bd7 15.
Nce2 f6 16. exf6 Bxf6 17. Bc3 Rc8 18. Ba5 b6 19. Bb4 Re8 20. Bd6 Nc6 21. c3 b5
22. Nxc6 Bxc6 23. Be5 Bxe5 24. fxe5 b4 25. Nd4 bxc3 26. bxc3 Qa5 27. Qf2 Qc7
28. Rab1 Rf8 29. Qxf8+ 1-0

[Event "DVM U20 2014"]
[Site "Naumburg (Saale) GER"]
[Date "2014.12.29"]
[Round "6"]
[White "Le Hong, Quang Anh"]
[Black "Bender, Dirk"]
[Result "1/2-1/2"]
[Termination "normal"]
[Board "4.6"]
[WhiteElo "1536"]
[BlackElo "1582"]
[WhiteTeam "SV Merseburg"]
[BlackTeam "Frankfurter TV 1860"]
[PlyCount "49"]
[WhiteFideId "12927589"]
[BlackFideId "12940321"]
[EventCountry "GER"]
[EventRounds "7"]
[EventType "team-swiss"]
[EventDate "2014.12.26"]

1. Nf3 Nc6 2. d4 d5 3. c4 e6 4. Nc3 Nf6 5. Bg5 Be7 6. e3 O-O 7. cxd5 Nxd5 8.
Bxe7 Qxe7 9. a3 Rd8 10. Qc2 e5 11. dxe5 Nxe5 12. Be2 c6 13. O-O Qf6 14. Nd4 Bg4
15. Rac1 Rd7 16. b4 Rad8 17. Ne4 Qh6 18. Qb3 Nxe3 19. fxe3 Bxe2 20. Nxe2 Rd3
21. N2c3 Qxe3+ 22. Nf2 Ng4 23. Rce1 Qd4 24. Re4 Qxc3 25. Qxc3 1/2-1/2

[Event "DVM U20 2014"]
[Site "Naumburg (Saale) GER"]
[Date "2014.12.29"]
[Round "6"]
[White "Pauly, Carlo"]
[Black "Neef, Maximilian"]
[Result "1/2-1/2"]
[Termination "normal"]
[Board "5.1"]
[BlackTitle "FM"]
[WhiteElo "2173"]
[BlackElo "2353"]
[WhiteTeam "SG Porz"]
[BlackTeam "USV TU Dresden"]
[PlyCount "116"]
[WhiteFideId "24673269"]
[BlackFideId "24692085"]
[EventCountry "GER"]
[EventRounds "7"]
[EventType "team-swiss"]
[EventDate "2014.12.26"]

1. d4 Nf6 2. c4 g6 3. Nc3 Bg7 4. e4 d6 5. Bd3 O-O 6. Nge2 a6 7. O-O Nbd7 8. b4
a5 9. bxa5 e5 10. d5 Rxa5 11. Rb1 Nc5 12. Bc2 Nfd7 13. Ng3 Nb6 14. Qe2 Bd7 15.
Rd1 Qa8 16. Nf1 Qa6 17. Ne3 Nba4 18. Nb5 Bxb5 19. cxb5 Nc3 20. bxa6 Nxe2+ 21.
Kf1 Nxc1 22. axb7 Rb8 23. Rdxc1 Rxa2 24. Ra1 Rxa1 25. Rxa1 Rxb7 26. Ra8+ Bf8
27. Rc8 Kg7 28. g3 f6 29. Ke2 Kf7 30. f4 Ra7 31. Kf3 Nd7 32. Nc4 Ke7 33. h4 Kf7
34. Bd3 Be7 35. h5 gxh5 36. Ne3 Bf8 37. Bb5 Nb6 38. Rb8 exf4 39. gxf4 Ra3 40.
Rb7 Rc3 41. Bc4 Rxe3+ 42. Kxe3 Nxc4+ 43. Kd4 Nd2 44. Rxc7+ Kg8 45. Rc3 Bh6 46.
Ke3 Nf1+ 47. Kf3 Nh2+ 48. Kg3 Ng4 49. Rc6 Bf8 50. Kh4 Nf2 51. e5 fxe5 52. fxe5
dxe5 53. Kxh5 Kf7 54. Kg5 Nd3 55. Kf5 h5 56. Rc7+ Ke8 57. Rh7 Nf4 58. Kxe5 Ng6+
1/2-1/2

[Event "DVM U20 2014"]
[Site "Naumburg (Saale) GER"]
[Date "2014.12.29"]
[Round "6"]
[White "Möhn, Hans"]
[Black "Xu, Xianliang"]
[Result "1-0"]
[Termination "normal"]
[Board "5.2"]
[WhiteElo "2273"]
[BlackElo "2113"]
[WhiteTeam "USV TU Dresden"]
[BlackTeam "SG Porz"]
[PlyCount "125"]
[WhiteFideId "24647837"]
[BlackFideId "4603230"]
[EventCountry "GER"]
[EventRounds "7"]
[EventType "team-swiss"]
[EventDate "2014.12.26"]

1. Nf3 d5 2. c4 c6 3. e3 Nf6 4. Nc3 e6 5. Qc2 Nbd7 6. d4 Be7 7. b3 O-O 8. Bb2
b6 9. Be2 Bb7 10. O-O Rc8 11. e4 dxe4 12. Nxe4 c5 13. Nxf6+ Bxf6 14. Rad1 cxd4
15. Bxd4 Qe7 16. Bxf6 Nxf6 17. Ne5 Rfd8 18. Rxd8+ Rxd8 19. Rd1 Qc7 20. Qb2
Rxd1+ 21. Bxd1 Qd6 22. Be2 h6 23. h3 Nd7 24. Nxd7 Qxd7 25. Qc3 Be4 26. a3 Qc6
27. Bf1 Qd6 28. b4 Qd1 29. f3 Bc6 30. Kf2 Qd6 31. Bd3 Bb7 32. Bc2 Bc6 33. Qe3
e5 34. Ke2 Kf8 35. Be4 Bxe4 36. Qxe4 Qc7 37. Qd5 g6 38. Kd3 Kg8 39. Kc3 Qe7 40.
Kb3 Qc7 41. Ka4 Kg7 42. Kb5 h5 43. Ka6 Kh6 44. c5 bxc5 45. bxc5 f5 46. Qd2+ Kh7
47. Qd6 Qc8+ 48. Kxa7 e4 49. fxe4 fxe4 50. c6 e3 51. Qe7+ Kg8 52. c7 e2 53.
Qd8+ Kh7 54. Qxc8 e1=Q 55. Qd7+ Kh6 56. c8=Q Qe3+ 57. Kb8 Qg3+ 58. Qcc7 Qb3+
59. Qb7 Qg8+ 60. Ka7 Qc4 61. Qd2+ g5 62. Qd6+ Qe6 63. Qxe6# 1-0

[Event "DVM U20 2014"]
[Site "Naumburg (Saale) GER"]
[Date "2014.12.29"]
[Round "6"]
[White "Finke, Kai"]
[Black "Gungl, Theo"]
[Result "0-1"]
[Termination "normal"]
[Board "5.3"]
[WhiteElo "2099"]
[BlackElo "2122"]
[WhiteTeam "SG Porz"]
[BlackTeam "USV TU Dresden"]
[PlyCount "75"]
[WhiteFideId "1270611"]
[BlackFideId "24695653"]
[EventCountry "GER"]
[EventRounds "7"]
[EventType "team-swiss"]
[EventDate "2014.12.26"]

1. d4 d5 2. c4 c6 3. Nf3 Nf6 4. Nc3 e6 5. Bg5 dxc4 6. e4 h6 7. Bxf6 Qxf6 8.
Bxc4 Nd7 9. O-O Nb6 10. Bb3 Bb4 11. Qd3 Bxc3 12. bxc3 Bd7 13. a4 Rd8 14. a5 Na8
15. e5 Qe7 16. Nd2 c5 17. Ne4 cxd4 18. Nd6+ Kf8 19. Qxd4 Bc6 20. f4 g6 21. Qxa7
Nc7 22. c4 Ne8 23. Qd4 Ng7 24. Ba4 Nf5 25. Qb2 Ne3 26. Bxc6 bxc6 27. Rf3 Nf5
28. c5 Kg7 29. Rb3 Qa7 30. Rb6 Ne7 31. Kh1 Rd7 32. a6 Ra8 33. h3 Rc7 34. Kh2
Nd5 35. Rb7 Qxc5 36. a7 Qe3 37. Rxc7 Nxc7 38. Qb7 0-1

[Event "DVM U20 2014"]
[Site "Naumburg (Saale) GER"]
[Date "2014.12.29"]
[Round "6"]
[White "Scholz, Robert"]
[Black "Eigemann, Frederik"]
[Result "1-0"]
[Termination "normal"]
[Board "5.4"]
[WhiteElo "1980"]
[BlackElo "2015"]
[WhiteTeam "USV TU Dresden"]
[BlackTeam "SG Porz"]
[PlyCount "85"]
[WhiteFideId "1270301"]
[BlackFideId "24692034"]
[EventCountry "GER"]
[EventRounds "7"]
[EventType "team-swiss"]
[EventDate "2014.12.26"]

1. e4 e6 2. d4 d5 3. Nc3 Bb4 4. e5 c5 5. Bd2 Nh6 6. Nb5 Bxd2+ 7. Qxd2 O-O 8. c3
b6 9. f4 Ba6 10. Nf3 Nc6 11. Be2 Qe7 12. Nd6 Bxe2 13. Qxe2 cxd4 14. cxd4 Nf5
15. Nxf5 Qb4+ 16. Qd2 exf5 17. Rd1 Qa4 18. b3 Qb5 19. Qd3 Qa5+ 20. Rd2 g6 21.
O-O Nb4 22. Qe2 Rac8 23. h3 Rc6 24. g4 Qa6 25. Qg2 fxg4 26. hxg4 f5 27. gxf5
Rxf5 28. Nh4 Rh5 29. Qg4 Qc8 30. f5 Nc2 31. Rd3 Qa8 32. f6 Kh8 33. f7 Qf8 34.
e6 Rxh4 35. Qxh4 Rxe6 36. Rh3 h5 37. Qg5 Nb4 38. a3 Nc6 39. Rf6 Re1+ 40. Kf2
Nxd4 41. Rxh5+ gxh5 42. Qxh5+ Kg7 43. Qh6# 1-0

[Event "DVM U20 2014"]
[Site "Naumburg (Saale) GER"]
[Date "2014.12.29"]
[Round "6"]
[White "Padva, Leo"]
[Black "Thamm, Merlin Jannes"]
[Result "1/2-1/2"]
[Termination "normal"]
[Board "5.5"]
[WhiteElo "1900"]
[BlackElo "1697"]
[WhiteTeam "SG Porz"]
[BlackTeam "USV TU Dresden"]
[PlyCount "89"]
[WhiteFideId "12964379"]
[BlackFideId "24695564"]
[EventCountry "GER"]
[EventRounds "7"]
[EventType "team-swiss"]
[EventDate "2014.12.26"]

1. d4 Nf6 2. c4 Nc6 3. Nc3 e5 4. d5 Ne7 5. e4 Ng6 6. Bd3 Bb4 7. Nge2 O-O 8. Bd2
d6 9. Qb3 a5 10. O-O-O Nd7 11. Be3 Bc5 12. Ng3 Nf4 13. Rhg1 Bxe3+ 14. fxe3 Nc5
15. Qc2 Nfxd3+ 16. Rxd3 Nxd3+ 17. Qxd3 g6 18. Rf1 Qg5 19. Nb5 Bd7 20. a4 Bxb5
21. cxb5 Rac8 22. Kd2 h5 23. Rf2 Qh4 24. Qe2 f6 25. Rf5 Kh8 26. Rf3 Rf7 27.
Nxh5 Qxh5 28. Rh3 Qxh3 29. gxh3 b6 30. Qg4 Rg8 31. h4 Rh7 32. Qe6 Rf8 33. Qg4
Kg7 34. Qd7+ Rf7 35. Qg4 Rh5 36. Kd3 f5 37. exf5 Rhxf5 38. b3 Re7 39. Ke4 Kh6
40. h3 Rh5 41. Qg3 Kh7 42. Qg4 Kg7 43. Qg3 Rh6 44. Qg4 Rh7 45. Kd3 1/2-1/2

[Event "DVM U20 2014"]
[Site "Naumburg (Saale) GER"]
[Date "2014.12.29"]
[Round "6"]
[White "Schamschurko, Victor"]
[Black "Rahmen, Christian"]
[Result "1-0"]
[Termination "normal"]
[Board "5.6"]
[WhiteElo "1758"]
[BlackElo "1870"]
[WhiteTeam "USV TU Dresden"]
[BlackTeam "SG Porz"]
[PlyCount "59"]
[WhiteFideId "24695637"]
[BlackFideId "12901709"]
[EventCountry "GER"]
[EventRounds "7"]
[EventType "team-swiss"]
[EventDate "2014.12.26"]

1. e4 c5 2. Nc3 d6 3. f4 Nc6 4. Nf3 e6 5. Bc4 Be7 6. O-O a6 7. a4 Bf6 8. d3
Nge7 9. Qe1 Qc7 10. Ne2 O-O 11. c3 Bd7 12. Bb3 Na5 13. Bc2 Nec6 14. Be3 b5 15.
axb5 axb5 16. Ng3 b4 17. Nh5 Be7 18. Qg3 g6 19. f5 exf5 20. exf5 Bxf5 21. Bh6
Rfc8 22. Nh4 Bxh4 23. Qxh4 f6 24. Nxf6+ Kf7 25. g4 Qe7 26. Bg5 h6 27. gxf5 Ne5
28. fxg6+ Nxg6 29. Nd7+ Kg8 30. Bxe7 1-0

[Event "DVM U20 2014"]
[Site "Naumburg (Saale) GER"]
[Date "2014.12.29"]
[Round "6"]
[White "Zuferi, Enis"]
[Black "Klek, Hanna Marie"]
[Result "1-0"]
[Termination "normal"]
[Board "6.1"]
[WhiteElo "2126"]
[BlackElo "2225"]
[WhiteTeam "Heilbronner SV"]
[BlackTeam "SC Erlangen"]
[PlyCount "91"]
[WhiteFideId "24692530"]
[BlackFideId "24670057"]
[EventCountry "GER"]
[EventRounds "7"]
[EventType "team-swiss"]
[EventDate "2014.12.26"]

1. e4 e5 2. Nf3 Nc6 3. Nc3 Nf6 4. d4 exd4 5. Nd5 Nb4 6. Nxf6+ Qxf6 7. Bc4 d5 8.
exd5 Qe7+ 9. Kf1 Bg4 10. a3 Bxf3 11. gxf3 Na6 12. Bb5+ Kd8 13. Bxa6 bxa6 14.
Qxd4 Qc5 15. Bg5+ Kc8 16. Qxc5 Bxc5 17. Be3 Bd6 18. Bd4 Rg8 19. Kg2 a5 20. a4
Rb8 21. Rad1 g6 22. b3 Kb7 23. Rhe1 Rge8 24. Bc3 Bb4 25. Bxb4 axb4 26. Re4 a5
27. Kg3 f5 28. Rc4 Rbd8 29. Rdd4 Rd6 30. Rc5 c6 31. dxc6+ Rxc6 32. Rxa5 Rxc2
33. Rxb4+ Kc6 34. Ra6+ Kc7 35. Ra7+ Kd6 36. Rb6+ Ke5 37. Rxh7 f4+ 38. Kg2 Rb2
39. Rxg6 Rxb3 40. Rh5+ Kd4 41. Rf5 Re2 42. Rxf4+ Kd5 43. Rf5+ Kd4 44. Rg4+ Kd3
45. Rd5+ Kc3 46. Re4 1-0

[Event "DVM U20 2014"]
[Site "Naumburg (Saale) GER"]
[Date "2014.12.29"]
[Round "6"]
[White "Miller, Eduard"]
[Black "Peng, Xiang-Tobias"]
[Result "0-1"]
[Termination "normal"]
[Board "6.2"]
[WhiteElo "2129"]
[BlackElo "1987"]
[WhiteTeam "SC Erlangen"]
[BlackTeam "Heilbronner SV"]
[PlyCount "26"]
[WhiteFideId "24687022"]
[BlackFideId "12964328"]
[EventCountry "GER"]
[EventRounds "7"]
[EventType "team-swiss"]
[EventDate "2014.12.26"]

1. e4 e5 2. Nf3 Nc6 3. Nc3 Nf6 4. d4 exd4 5. Nxd4 Bb4 6. Bg5 h6 7. Bh4 O-O 8.
Nxc6 bxc6 9. e5 Re8 10. Bxf6 Qxf6 11. Qd2 Rxe5+ 12. Kd1 d5 13. Bd3 Bg4+ 0-1

[Event "DVM U20 2014"]
[Site "Naumburg (Saale) GER"]
[Date "2014.12.29"]
[Round "6"]
[White "Wenninger, Patrick"]
[Black "Wenninger, Philipp"]
[Result "1-0"]
[Termination "normal"]
[Board "6.3"]
[WhiteElo "1725"]
[BlackElo "2259"]
[WhiteTeam "Heilbronner SV"]
[BlackTeam "SC Erlangen"]
[PlyCount "113"]
[WhiteFideId "12927880"]
[BlackFideId "4648404"]
[EventCountry "GER"]
[EventRounds "7"]
[EventType "team-swiss"]
[EventDate "2014.12.26"]

1. e4 c6 2. d4 d5 3. e5 c5 4. dxc5 Nc6 5. Bb5 Qa5+ 6. Nc3 e6 7. Be3 Bd7 8. Bxc6
Bxc6 9. Qd4 Ne7 10. b4 Qc7 11. Nf3 Nf5 12. Qd2 a5 13. b5 Bd7 14. c6 bxc6 15. b6
Qb7 16. Na4 Nxe3 17. Qxe3 Rc8 18. Nc5 Qxb6 19. Nxd7 Qxe3+ 20. fxe3 Kxd7 21. Kd2
Be7 22. a4 Rb8 23. Rhb1 f6 24. c3 Rhf8 25. exf6 Bxf6 26. h3 Kd6 27. Kd3 c5 28.
Kc2 c4 29. Ne1 Bg5 30. Rxb8 Rxb8 31. e4 dxe4 32. Rd1+ Ke5 33. Rd4 Rc8 34. Rd7
Rf8 35. Rxg7 Rf2+ 36. Kb1 Bf6 37. Rd7 Rf1 38. Rd1 Bh4 39. Nf3+ Rxf3 40. gxf3 e3
41. Rd4 Be1 42. Kc2 Kf5 43. Rxc4 e5 44. Kd3 Bf2 45. Ke2 h5 46. Re4 Kf6 47. c4
Kf5 48. c5 Ke6 49. f4 Kf5 50. Rxe5+ Kxf4 51. Rxh5 Bg3 52. c6 Ke4 53. Rxa5 Kd4
54. Ra7 Kc5 55. c7 Kb6 56. c8=Q Kxa7 57. Qc5+ 1-0

[Event "DVM U20 2014"]
[Site "Naumburg (Saale) GER"]
[Date "2014.12.29"]
[Round "6"]
[White "Diller, Daniel"]
[Black "Biefel, Christian"]
[Result "1-0"]
[Termination "normal"]
[Board "6.4"]
[WhiteElo "1872"]
[BlackElo "1765"]
[WhiteTeam "SC Erlangen"]
[BlackTeam "Heilbronner SV"]
[PlyCount "159"]
[WhiteFideId "12908983"]
[BlackFideId "24692646"]
[EventCountry "GER"]
[EventRounds "7"]
[EventType "team-swiss"]
[EventDate "2014.12.26"]

1. c4 e5 2. g3 Nf6 3. Bg2 c6 4. d4 exd4 5. Qxd4 Na6 6. Nf3 Bc5 7. Qe5+ Be7 8.
O-O O-O 9. Nc3 Nc5 10. Rd1 Re8 11. Qd4 a5 12. b3 a4 13. Rb1 Ne6 14. Qd3 axb3
15. axb3 Bb4 16. Na4 Qe7 17. Bb2 Nc5 18. Nxc5 Bxc5 19. e3 d6 20. b4 Bb6 21. Ng5
h6 22. Bxf6 Qxf6 23. Qh7+ Kf8 24. Ne4 Rxe4 25. Bxe4 Ra2 26. Rf1 Bh3 27. Bg2
Bxg2 28. Kxg2 Bxe3 29. Qe4 Rxf2+ 30. Rxf2 Qxf2+ 31. Kh3 g6 32. Qd3 Kg7 33. Rf1
Qd2 34. Qe4 Bg5 35. Qf3 f5 36. b5 Qd4 37. bxc6 Qg4+ 38. Qxg4 fxg4+ 39. Kxg4
bxc6 40. Ra1 Be7 41. Ra6 c5 42. Kf4 Kf6 43. Ra8 h5 44. h3 Ke6 45. Ke4 Bf6 46.
g4 hxg4 47. hxg4 g5 48. Ra2 Be5 49. Rd2 Bf4 50. Rd5 Be5 51. Rd3 Bf4 52. Rf3 Be5
53. Rf5 Bf6 54. Kd3 Be7 55. Kc3 Kd7 56. Kb3 Kc6 57. Ka4 Bd8 58. Rf1 Be7 59. Rf7
Bd8 60. Rg7 Bf6 61. Rg8 Kb6 62. Rg6 Be7 63. Re6 Bf8 64. Rf6 Be7 65. Rf7 Bd8 66.
Kb3 Kc6 67. Kc3 Ba5+ 68. Kd3 Bd8 69. Ke4 Ba5 70. Kf5 Bd2 71. Ke6 Bf4 72. Rg7
Be3 73. Rg8 Kc7 74. Kd5 Bf4 75. Rg7+ Kd8 76. Ke6 Kc8 77. Rd7 Be5 78. Rxd6 Bf4
79. Rc6+ Kb7 80. Rxc5 1-0

[Event "DVM U20 2014"]
[Site "Naumburg (Saale) GER"]
[Date "2014.12.29"]
[Round "6"]
[White "Mikeler, Marcel"]
[Black "Zhao, Kevin"]
[Result "0-1"]
[Termination "normal"]
[Board "6.5"]
[WhiteElo "1751"]
[BlackElo "1907"]
[WhiteTeam "Heilbronner SV"]
[BlackTeam "SC Erlangen"]
[PlyCount "140"]
[WhiteFideId "12927856"]
[BlackFideId "1271884"]
[EventCountry "GER"]
[EventRounds "7"]
[EventType "team-swiss"]
[EventDate "2014.12.26"]

1. d4 e6 2. g3 f5 3. Bg2 Nf6 4. Nh3 Be7 5. c4 d6 6. Nc3 e5 7. dxe5 dxe5 8.
Qxd8+ Bxd8 9. e4 c6 10. exf5 Bxf5 11. O-O O-O 12. Re1 Nbd7 13. b3 Bb6 14. Be3
Ba5 15. Bd2 Rae8 16. Ng5 Nc5 17. Nce4 Nfxe4 18. Nxe4 Bxd2 19. Nxd2 Nd3 20. Re2
e4 21. Rf1 Nc5 22. b4 Nd3 23. a3 c5 24. b5 Ne5 25. Re3 Rd8 26. Nxe4 Nxc4 27.
Rc3 Bxe4 28. Bxe4 Nd2 29. Re1 Nxe4 30. Rxe4 Rd1+ 31. Kg2 Rd2 32. Rf3 Rxf3 33.
Kxf3 Rb2 34. Ra4 Rxb5 35. Rxa7 Kf7 36. Ke4 Ke6 37. f4 Rb6 38. g4 Rb1 39. h4 Kd6
40. Ra8 Rc1 41. h5 Re1+ 42. Kf5 Re7 43. Rd8+ Rd7 44. Rc8 Kd5 45. g5 c4 46. g6
hxg6+ 47. hxg6 b5 48. Kg5 Kd4 49. f5 c3 50. f6 gxf6+ 51. Kxf6 Rd6+ 52. Kf5 Rd7
53. Ke6 Rb7 54. Kf6 Kd3 55. g7 Rxg7 56. Kxg7 c2 57. Rc5 Kd2 58. Rd5+ Kc3 59.
Rxb5 Kd4 60. Rb8 c1=Q 61. Rd8+ Ke5 62. Re8+ Kf4 63. Rf8+ Kg5 64. Kf7 Qxa3 65.
Re8 Kf5 66. Re7 Qa6 67. Ke8 Qd6 68. Kf7 Qd8 69. Ra7 Qf6+ 70. Kg8 Kg6 0-1

[Event "DVM U20 2014"]
[Site "Naumburg (Saale) GER"]
[Date "2014.12.29"]
[Round "6"]
[White "Wegmann, Simon"]
[Black "Ignatov, Dmitriy"]
[Result "1-0"]
[Termination "normal"]
[Board "6.6"]
[WhiteElo "1712"]
[BlackElo "1754"]
[WhiteTeam "SC Erlangen"]
[BlackTeam "Heilbronner SV"]
[PlyCount "117"]
[WhiteFideId "1270758"]
[BlackFideId "12927872"]
[EventCountry "GER"]
[EventRounds "7"]
[EventType "team-swiss"]
[EventDate "2014.12.26"]

1. e4 c6 2. d4 d5 3. Nd2 dxe4 4. Nxe4 Bf5 5. Ng3 Bg6 6. h4 h6 7. h5 Bh7 8. Nf3
Nd7 9. Bd3 Bxd3 10. Qxd3 e6 11. Bf4 Ngf6 12. O-O-O Nd5 13. Bd2 Qc7 14. Rde1
O-O-O 15. c3 N7f6 16. Ne5 Bd6 17. Qf3 Rhf8 18. Nf1 c5 19. Kb1 Kb8 20. Ng4 cxd4
21. cxd4 Qb6 22. Nxf6 Nxf6 23. Bxh6 gxh6 24. Qxf6 Ba3 25. d5 Rxd5 26. Ne3 Rd4
27. Re2 Rfd8 28. Rc1 Qb5 29. Rec2 R4d7 30. Qxh6 Be7 31. Qf4+ Bd6 32. Qc4 Qxc4
33. Rxc4 Be5 34. Rh1 Rd2 35. Rc2 Bf4 36. h6 Rxc2 37. Kxc2 Bxe3 38. fxe3 Kc7 39.
h7 Rh8 40. Kd3 f5 41. Kd4 Kd6 42. Rh6 b6 43. b3 b5 44. b4 Ke7 45. Ke5 Kf7 46.
e4 fxe4 47. Kxe4 Kg7 48. Rh3 Kf6 49. g3 Kf7 50. Ke5 Ke7 51. g4 Kf7 52. g5 Kg6
53. Kxe6 Re8+ 54. Kd7 Rh8 55. Ke7 Kg7 56. Rf3 Kg6 57. Rh3 Kg7 58. Kd7 Kg6 59.
Kc7 1-0

[Event "DVM U20 2014"]
[Site "Naumburg (Saale) GER"]
[Date "2014.12.29"]
[Round "6"]
[White "Lü, Youheng"]
[Black "Linnemann, Niklas"]
[Result "0-1"]
[Termination "normal"]
[Board "7.1"]
[WhiteElo "1628"]
[BlackElo "2010"]
[WhiteTeam "SVG Saarbrücken"]
[BlackTeam "TuS Coswig"]
[PlyCount "80"]
[WhiteFideId "16200403"]
[BlackFideId "24695645"]
[EventCountry "GER"]
[EventRounds "7"]
[EventType "team-swiss"]
[EventDate "2014.12.26"]

1. e4 c5 2. Nf3 e6 3. d4 cxd4 4. Nxd4 Nf6 5. Nc3 Bb4 6. Bd3 Nc6 7. a3 Be7 8.
Nb3 a6 9. Bf4 d6 10. Qf3 h5 11. Bd2 Qc7 12. Qg3 Bd7 13. O-O-O O-O-O 14. Be3 h4
15. Qf3 Nb8 16. e5 Bc6 17. exd6 Bxd6 18. Qe2 h3 19. g3 Bxh1 20. Rxh1 Qc6 21.
Rg1 Nbd7 22. Na5 Qc7 23. Nxb7 Kxb7 24. Bxa6+ Kb8 25. Nb5 Qc6 26. Nxd6 Nc5 27.
Bxc5 Qxc5 28. Rd1 Rxd6 29. Rxd6 Qxd6 30. Qb5+ Kc7 31. Qb7+ Kd8 32. Qc8+ Ke7 33.
Qxh8 Qxa6 34. Qxh3 Qe2 35. b3 Ne4 36. g4 Qd2+ 37. Kb2 Qd4+ 38. Kb1 Nc3+ 39. Kc1
Ne2+ 40. Kb1 Qd1+ 0-1

[Event "DVM U20 2014"]
[Site "Naumburg (Saale) GER"]
[Date "2014.12.29"]
[Round "6"]
[White "Kieslich, Aaron"]
[Black "Mohit-Rodriguez, Dario"]
[Result "1-0"]
[Termination "normal"]
[Board "7.2"]
[WhiteElo "2013"]
[BlackElo "1414"]
[WhiteTeam "TuS Coswig"]
[BlackTeam "SVG Saarbrücken"]
[PlyCount "51"]
[WhiteFideId "1270391"]
[BlackFideId "36016047"]
[EventCountry "GER"]
[EventRounds "7"]
[EventType "team-swiss"]
[EventDate "2014.12.26"]

1. d4 Nf6 2. c4 g6 3. Nc3 d5 4. Nf3 Bg7 5. Bf4 O-O 6. Rc1 c6 7. e3 e6 8. Be2
Nbd7 9. O-O Re8 10. Qc2 dxc4 11. Bxc4 Nb6 12. Be2 Nbd5 13. Bg5 Qa5 14. e4 Nxc3
15. bxc3 c5 16. Rb1 cxd4 17. cxd4 a6 18. Rfc1 b5 19. Bxf6 Bxf6 20. Qc6 Bb7 21.
Qxb7 Qxa2 22. Bf1 Be7 23. Qc6 Qa3 24. Ra1 Qd6 25. Qxd6 Bxd6 26. Rc6 1-0

[Event "DVM U20 2014"]
[Site "Naumburg (Saale) GER"]
[Date "2014.12.29"]
[Round "6"]
[White "Chabakji, Hussein"]
[Black "von Koslowski, Utz"]
[Result "0-1"]
[Termination "normal"]
[Board "7.3"]
[WhiteElo "1602"]
[BlackElo "1892"]
[WhiteTeam "SVG Saarbrücken"]
[BlackTeam "TuS Coswig"]
[PlyCount "94"]
[WhiteFideId "16200411"]
[BlackFideId "12964247"]
[EventCountry "GER"]
[EventRounds "7"]
[EventType "team-swiss"]
[EventDate "2014.12.26"]

1. e4 c5 2. c3 e6 3. d4 Nf6 4. e5 Nd5 5. Nf3 Be7 6. Bc4 Nb6 7. Bb3 d5 8. O-O
O-O 9. Be3 c4 10. Bc2 N6d7 11. Nbd2 b5 12. g4 Nc6 13. Kh1 f6 14. Qb1 fxe5 15.
Bxh7+ Kh8 16. dxe5 Ncxe5 17. Nxe5 Nxe5 18. Bd4 Bf6 19. g5 Nd3 20. gxf6 Kxh7 21.
fxg7 Rf5 22. Rg1 Kg8 23. Rg3 e5 24. Nf3 exd4 25. Qg1 Rf7 26. cxd4 Bf5 27. Ne5
Nxe5 28. Qd1 Be4+ 29. Kg1 Nf3+ 30. Kf1 Rxg7 31. Rxf3 Bxf3 32. Qxf3 Qg5 33. Qg3
Qxg3 34. hxg3 Re8 35. Re1 Rxe1+ 36. Kxe1 Rg4 37. Ke2 Rxd4 38. f4 Kf7 39. Ke3
Rd3+ 40. Kf2 Rd2+ 41. Ke3 Rxb2 42. g4 Rxa2 43. Kd4 Rg2 44. g5 Rxg5 45. fxg5 Kg6
46. Kc3 Kxg5 47. Kb4 d4 0-1

[Event "DVM U20 2014"]
[Site "Naumburg (Saale) GER"]
[Date "2014.12.29"]
[Round "6"]
[White "Merker, Konstantin"]
[Black "Schäfer, Nicolas"]
[Result "1-0"]
[Termination "normal"]
[Board "7.4"]
[WhiteElo "1663"]
[BlackElo "1497"]
[WhiteTeam "TuS Coswig"]
[BlackTeam "SVG Saarbrücken"]
[PlyCount "32"]
[WhiteFideId "12964239"]
[BlackFideId "12988901"]
[EventCountry "GER"]
[EventRounds "7"]
[EventType "team-swiss"]
[EventDate "2014.12.26"]

1. d4 c5 2. e3 d5 3. c4 e6 4. Nc3 Nf6 5. Nf3 Bd6 6. dxc5 Bxc5 7. cxd5 exd5 8.
Be2 O-O 9. O-O Nc6 10. b3 Be6 11. Bb2 a6 12. Rc1 Bd6 13. Nd4 Qc7 14. h3 Bd7 15.
Bf3 Ne7 16. Nxd5 Nc6 1-0

[Event "DVM U20 2014"]
[Site "Naumburg (Saale) GER"]
[Date "2014.12.29"]
[Round "6"]
[White "Dorscheid, Nico"]
[Black "Zschuppe, Ludwig"]
[Result "0-1"]
[Termination "normal"]
[Board "7.5"]
[WhiteElo "1272"]
[BlackElo "1663"]
[WhiteTeam "SVG Saarbrücken"]
[BlackTeam "TuS Coswig"]
[PlyCount "62"]
[WhiteFideId "16200420"]
[BlackFideId "12985260"]
[EventCountry "GER"]
[EventRounds "7"]
[EventType "team-swiss"]
[EventDate "2014.12.26"]

1. d4 Nf6 2. c4 c5 3. Nf3 cxd4 4. Nxd4 g6 5. Nc3 Bg7 6. Nf3 O-O 7. e4 d6 8. Be2
Nbd7 9. Be3 Ng4 10. Bf4 Nge5 11. Ng5 h6 12. Nh3 Nb6 13. Qc1 Kh7 14. Bxe5 Bxe5
15. Nf4 Bd7 16. O-O Rc8 17. b3 f5 18. Nd3 Bg7 19. Rb1 Bxc3 20. Qxc3 fxe4 21.
Nb4 Bf5 22. Rfd1 e3 23. Rb2 exf2+ 24. Kf1 Qc7 25. Bf3 Rf6 26. Bd5 a5 27. Nc2
Nxd5 28. Rxd5 Be4 29. Rd2 Bxg2+ 30. Kxg2 f1=Q+ 31. Kg3 d5+ 0-1

[Event "DVM U20 2014"]
[Site "Naumburg (Saale) GER"]
[Date "2014.12.29"]
[Round "6"]
[White "Franke, Alexander"]
[Black "Reim, Ulrich"]
[Result "0-1"]
[Termination "normal"]
[Board "7.6"]
[WhiteElo "1424"]
[BlackElo "1073"]
[WhiteTeam "TuS Coswig"]
[BlackTeam "SVG Saarbrücken"]
[PlyCount "26"]
[WhiteFideId "12985171"]
[BlackFideId "16200438"]
[EventCountry "GER"]
[EventRounds "7"]
[EventType "team-swiss"]
[EventDate "2014.12.26"]

1. e4  e5 2. Nf3 Nc6 3. d4 exd4 4. Nxd4 Nxd4 5. Qxd4 b6 6. Nc3 Bc5 7. Qxg7 Qf6
8. Qg3 d6 9. Nd5 Qd8 10. Qg7 Qh4 11. Qxh8 Qxf2+ 12. Kd1 Bg4+ 13. Be2 Qxe2# 0-1